| 000 | 00901nas a2200301 4500 | ||
|---|---|---|---|
| 001 | BR2013006794 | ||
| 003 | BR-BrBNA | ||
| 005 | 20231205122831.0 | ||
| 007 | ta | ||
| 008 | 230509b bl.|||p| |||| 00| 00por d | ||
| 040 |
_aBR-BrBNA _bpor _cBiblioteca Nacional de Agricultura |
||
| 041 | _a(Pt) | ||
| 072 | _aH20; J10 | ||
| 100 | 1 | _aAlamino, D.A. | |
| 100 | 1 | _aCabral, V.B. | |
| 100 | 1 | _aDanner, M.A. | |
| 100 | 1 | _aMarchese, J.A. | |
| 245 | 1 | _aIndução de resistência à podridão-amarga em maçãs pelo uso de eliciadores em pós-colheita | |
| 650 | _aMAÇÃ | ||
| 650 | _aPODRIDÃO AMARGA | ||
| 650 | _aPÓS-COLHEITA | ||
| 650 | _aFUNGICIDA | ||
| 650 | _aINDUÇÃO | ||
| 650 | _aENZIMA | ||
| 773 | 0 |
_tPesquisa Agropecuária Brasileira (Brazil) _xISSN 0100-204X _g(Mar 2013), v. 48(3) p. 249-254 _wBR2013006794 |
|
| 909 |
_a202311 _bLúcia _c55 _dLúcia Elande |
||
| 942 |
_2AGRIS _n0 _cANA |
||
| 999 |
_c230828 _d230828 |
||